Third five year plan, Punjab 1960 (Record no. 508735)

000 -LEADER
fixed length control field 00369cam a22001217a 4500
008 - FIXED-LENGTH DATA ELEMENTS--GENERAL INFORMATION
fixed length control field 180718b xxu||||| |||| 00| 0 eng d
082 ## - DEWEY DECIMAL CLASSIFICATION NUMBER
Classification number T000x5433 62/PT2
100 ## - MAIN ENTRY--PERSONAL NAME
Personal name Punjab. Department of Planning
9 (RLIN) 4208
245 ## - TITLE STATEMENT
Title Third five year plan, Punjab 1960
Statement of responsibility, etc by Department of Planning, Punjab
260 ## - PUBLICATION, DISTRIBUTION, ETC. (IMPRINT)
Place of publication, distribution, etc Chandigarh
Name of publisher, distributor, etc Government Press
Date of publication, distribution, etc 1960
300 ## - PHYSICAL DESCRIPTION
Extent v.p.
942 ## - ADDED ENTRY ELEMENTS (KOHA)
Source of classification or shelving scheme
Holdings
Withdrawn status Lost status Source of classification or shelving scheme Damaged status Koha normalized classification for sorting Not for loan Permanent location Current location Date acquired Full call number Barcode Date last seen Price effective from Koha item type
        T_000X5433_62_000000000000000_PT2   Indian Institute of Public Administration Indian Institute of Public Administration 2019-04-10 T000x5433 62/PT2 GG33045 2019-04-10 2019-04-10 GG

Powered by Koha